[Event "Quebec-ch qual U1800"]
[Site "Montreal"]
[Date "2005.10.08"]
[Round "1"]
[White "Grenier, Marcel Jr"]
[Black "Ionescu, Theodor"]
[Result "0-1"]
[WhiteElo "1404"]
[BlackElo "1538"]
[PlyCount "50"]
[EventDate "2005.10.08"]
[EventType "swiss"]
[EventRounds "3"]
[EventCountry "CAN"]
[SourceTitle "EXT 2009"]
[Source "ChessBase"]
[SourceDate "2008.11.26"]
[SourceVersion "1"]
[SourceVersionDate "2008.11.26"]
[SourceQuality "1"]

1. e4 e6 2. d4 d5 3. Nc3 Nf6 4. Bg5 Be7 5. e5 Nfd7 6. Bxe7 Qxe7 7. Nf3 0-0 8. a3 a6 9. Bd3 c5 10. 0-0 cxd4 11. Ne2 Nc6 12. Ng3 Ndxe5 13. Re1 Nxf3+ 14. Qxf3 Qg5 15. Be2 Rd8 16. Rad1 e5 17. Qb3 Rb8 18. Bf3 Be6 19. Nf1 e4 20. Be2 h5 21. Nd2 h4 22. Qb6 Bh3 23. Bf1 Ne5 24. Qxd4 Bxg2 25. Bxg2 Nf3+ 0-1